| 000 | 00509nam a2200169 i 4500 | ||
|---|---|---|---|
| 001 | 37289 | ||
| 003 | ES-MaACL | ||
| 005 | 20230906155535.0 | ||
| 007 | t| | ||
| 008 | 030220s1969 sp ||||1| spa d | ||
| 100 | 1 |
_aBueno Losada, José. _932401 |
|
| 245 | 1 | 0 |
_aCultura obrera y actitud y doctrina de la Iglesia / _cpor José Bueno Losada. |
| 250 | _a[3ª ed.]. | ||
| 260 |
_a[Algorta (Vizcaya) ; _a[Madrid : _bZero : _bCasado, _c1969] |
||
| 300 |
_a87 p. ; _c17 cm. |
||
| 852 |
_aES-MaACL _jC-44451 _bR.72949 |
||
| 999 |
_c37289 _d37289 |
||